00741nam a22002297a 450000500170000000800410001701000100005801100100006803500100007808200140008811000460010224500860014826000450023430000300027950000140030965000460032365000190036965000310038870000410041970000270046070000240048720220817043119.0971010s1990 r 00010 d a66103 a67075 a76266 a628.1bS6 aSociedad Mexicana de la Ciencia del Suelo aAprovechamiento del agua y los fertilizantes en las regiones áridas de México a[Torreón, Coah.] :bLa Sociedad,c1990 a338 p.b: ilus.; gráfs. a1992-109514aAguaxAprovechamientoxRegiones áridas.14aFertilizantes.14aSuelosxRegiones áridas.0 aHernández González, José Luis.0 aJasso Ibarra, Rodolfo.0 aMonter Helu, Mario.